[Event "Canarias-ch (Women)"]
[Site "Brena Baja"]
[Date "2022.06.04"]
[Round "6"]
[White "Perez Castellano, Susana"]
[Black "Gimenez, Maria de los Angele"]
[Result "1-0"]
[WhiteElo "1845"]
[BlackElo "1562"]
[PlyCount "130"]
[EventDate "2022.06.01"]
[EventType "swiss"]
[EventRounds "6"]
[EventCountry "ESP"]
[SourceTitle "CBM 208 Extra"]
[Source "ChessBase"]
[SourceDate "2022.07.31"]
[SourceVersion "1"]
[SourceVersionDate "2022.07.31"]
[SourceQuality "1"]

1. e4 e6 2. Nf3 d5 3. exd5 exd5 4. d4 Bd6 5. Bd3 Ne7 6. c3 Bf5 7. 0-0 Bxd3 8. Qxd3 f6 9. Re1 0-0 10. Nbd2 Nbc6 11. Nf1 Ng6 12. Qf5 Kh8 13. g3 Nce7 14. Qe6 c6 15. h4 Re8 16. h5 Nf8 17. Qf7 Qc7 18. h6 Nf5 19. hxg7+ Nxg7 20. Qxf6 Ng6 21. Rxe8+ Rxe8 22. Bh6 Rf8 23. Bxg7+ Qxg7 24. Qxg7+ Kxg7 25. Kg2 Re8 26. Ne3 Kf6 27. Re1 Re7 28. Ng4+ Kg7 29. Ne3 Kf6 30. Rh1 Bc7 31. Rh5 Rg7 32. Rf5+ Ke7 33. Kh3 Kd7 34. Nh2 Ke8 35. Nhg4 Ke7 36. Rh5 Rf7 37. Kg2 Ke6 38. Nh6 Rf8 39. Nhf5 Rf7 40. Nh6 Rf8 41. Nhg4 Rf7 42. Nh2 Bd6 43. Nf3 Bf4 44. Ng5+ Bxg5 45. Rxg5 Rg7 46. Kf1 Rf7 47. Ke2 Ne7 48. Re5+ Kd7 49. Rh5 Ke6 50. Ng4 Ng6 51. Ke3 Ke7 52. f4 Kf8 53. Ne5 Re7 54. Kf3 Kg7 55. g4 Kf6 56. Rf5+ Kg7 57. Rh5 Kf6 58. Nxg6 hxg6 59. Re5 Rh7 60. Re2 Kf7 61. Kg3 Rh1 62. Rh2 Rg1+ 63. Kf3 Rf1+ 64. Kg3 Rg1+ 65. Rg2 Rh1 1-0

[Event "Canarias-ch (Women)"]
[Site "Brena Baja"]
[Date "2022.06.03"]
[Round "5"]
[White "Perez Castellano, Susana"]
[Black "Morales Sanchez, Ailin Belen"]
[Result "1-0"]
[WhiteElo "1845"]
[BlackElo "1402"]
[PlyCount "120"]
[EventDate "2022.06.01"]
[EventType "swiss"]
[EventRounds "6"]
[EventCountry "ESP"]
[SourceTitle "CBM 208 Extra"]
[Source "ChessBase"]
[SourceDate "2022.07.31"]
[SourceVersion "1"]
[SourceVersionDate "2022.07.31"]
[SourceQuality "1"]

1. e4 e5 2. Nf3 Nc6 3. Bc4 Bc5 4. c3 Nf6 5. d3 0-0 6. Bb3 d6 7. 0-0 a6 8. h3 Ba7 9. Nbd2 Ne7 10. Re1 Ng6 11. Nf1 Nh5 12. d4 Nf6 13. Ng3 Bd7 14. Bg5 h6 15. Be3 Nh7 16. Qd2 Re8 17. Rad1 exd4 18. cxd4 Nh4 19. Nxh4 Qxh4 20. Kh2 Ng5 21. Bxg5 hxg5 22. f3 g6 23. Ne2 Kg7 24. Ng1 Rh8 25. e5 Rae8 26. Re4 Qh5 27. Rde1 Bf5 28. g4 Bxg4 29. fxg4 Qh4 30. exd6 Rxe4 31. Rxe4 cxd6 32. Qg2 Bb8 33. d5 Rf8 34. Nf3 Qh6 35. Re7 Kg8 36. Qe2 Kg7 37. Rxb7 Rh8 38. Qg2 Rc8 39. Nd4 Bc7 40. Ba4 Qh8 41. Bd7 Kh7 42. Qe4 Bb6 43. Bxc8 Bxd4 44. Rxf7+ Kh6 45. Qe7 Bxb2 46. Qf8+ Qxf8 47. Rxf8 Kg7 48. Re8 Kf7 49. Re6 Ba3 50. Bxa6 Kg7 51. Bd3 Bc1 52. Rxg6+ Kf7 53. Kg2 Bf4 54. Kf3 Ke7 55. a4 Kd7 56. Rg7+ Kc8 57. Bf5+ Kd8 58. a5 Ke8 59. a6 Kf8 60. Rh7 Kg8 1-0

[Event "Canarias-ch (Women)"]
[Site "Brena Baja"]
[Date "2022.06.03"]
[Round "4"]
[White "Rodriguez Redondo, Adhara"]
[Black "Perez Castellano, Susana"]
[Result "1-0"]
[WhiteElo "2027"]
[BlackElo "1845"]
[PlyCount "71"]
[EventDate "2022.06.01"]
[EventType "swiss"]
[EventRounds "6"]
[EventCountry "ESP"]
[SourceTitle "CBM 208 Extra"]
[Source "ChessBase"]
[SourceDate "2022.07.31"]
[SourceVersion "1"]
[SourceVersionDate "2022.07.31"]
[SourceQuality "1"]

1. e4 e5 2. Nf3 Nc6 3. Bc4 Bc5 4. 0-0 Bb6 5. d3 Nf6 6. a4 a6 7. Nbd2 d6 8. c3 0-0 9. h3 Ne7 10. Re1 Ng6 11. a5 Ba7 12. Nf1 c6 13. Bb3 h6 14. Ng3 Qc7 15. Nf5 Kh7 16. N3h4 d5 17. Qf3 Be6 18. Bc2 dxe4 19. dxe4 Rad8 20. g4 Qc8 21. Ng2 Ng8 22. g5 f6 23. gxh6 gxh6 24. Qh5 Bxf5 25. exf5 N6e7 26. Nh4 Qd7 27. Ng6 Rf7 28. Nxe5 Rg7+ 29. Ng4 Qe8 30. Qh4 Qf8 31. Kh1 Qf7 32. Re6 Rf8 33. Bf4 Nd5 34. Bd6 Re8 35. Rae1 Rxe6 36. fxe6+ 1-0

[Event "Arrecife de Lanzarote op"]
[Site "Arrecife de Lanzarote"]
[Date "2017.06.15"]
[Round "8"]
[White "Perez Castellano, Susana"]
[Black "Perez Bolanos, David"]
[Result "1-0"]
[WhiteElo "1800"]
[BlackElo "1455"]
[PlyCount "73"]
[EventDate "2017.06.11"]
[EventType "swiss"]
[EventRounds "9"]
[EventCountry "ESP"]
[SourceTitle "EXT 2019"]
[Source "ChessBase"]
[SourceDate "2018.10.10"]
[SourceVersion "1"]
[SourceVersionDate "2018.10.10"]
[SourceQuality "1"]

1. e4 c5 2. Nf3 d6 3. Bb5+ Nd7 4. 0-0 Ngf6 5. Re1 e5 6. c3 a6 7. Bxd7+ Bxd7 8. d4 Qc7 9. Nbd2 Be7 10. a4 b6 11. dxe5 dxe5 12. Nc4 Bc6 13. Ncxe5 Bxe4 14. Rxe4 Nxe4 15. Qd5 0-0 16. Qxe4 Rad8 17. Bf4 Bd6 18. Qf5 f6 19. Nd3 Bxf4 20. Nxf4 Qd7 21. Qe6+ Kh8 22. Qb3 Rfe8 23. g3 Qc6 24. Ne1 c4 25. Qc2 Qe4 26. Qxe4 Rxe4 27. Nf3 Kg8 28. Nd4 g5 29. Ng2 Kf7 30. Ne3 Kg6 31. Nxc4 Rb8 32. Nd2 Ree8 33. Kg2 f5 34. h3 h5 35. Nc4 Kf6 36. Nd6 Re5 37. Nc6 1-0

[Event "Canarias-ch (Women)"]
[Site "Vecindario"]
[Date "2016.05.29"]
[Round "4.6"]
[White "Lopez Gonzalez, Lidia"]
[Black "Perez Castellano, Susana"]
[Result "1/2-1/2"]
[WhiteElo "1477"]
[BlackElo "1822"]
[PlyCount "96"]
[EventDate "2016.05.27"]
[EventType "swiss"]
[EventRounds "6"]
[EventCountry "ESP"]
[SourceTitle "EXT 2024"]
[Source "ChessBase"]
[SourceDate "2023.10.10"]
[SourceVersion "1"]
[SourceVersionDate "2023.10.10"]
[SourceQuality "1"]

1. e4 e5 2. f4 Nc6 3. Bc4 Bc5 4. Nf3 d6 5. f5 Nf6 6. d3 h6 7. Nc3 a6 8. h3 Na5 9. Nd2 c6 10. a3 Nxc4 11. Nxc4 b5 12. Ne3 Qb6 13. Qf3 Bb7 14. Na2 d5 15. b4 Bd6 16. Ng4 a5 17. c3 Qd8 18. Be3 Nxg4 19. hxg4 f6 20. Ke2 Qe7 21. Bb6 a4 22. Raf1 dxe4 23. dxe4 Qf7 24. Nc1 Be7 25. Rd1 Qc4+ 26. Qd3 Qxd3+ 27. Nxd3 0-0 28. Bc5 Kf7 29. Bxe7 Kxe7 30. Nc5 Bc8 31. Rd2 Rd8 32. Rhd1 Rxd2+ 33. Rxd2 Ra7 34. Ke3 Bd7 35. Rxd7+ Rxd7 36. Nxd7 Kxd7 37. Kd3 Ke7 38. c4 Kf7 39. c5 g6 40. Ke3 h5 41. gxh5 gxh5 42. Kf3 h4 43. Kg4 h3 44. gxh3 Kg8 45. Kh5 Kg7 46. h4 Kh7 47. Kg4 Kh6 48. h5 Kg7 1/2-1/2

[Event "Gran Canaria-ch (Woman)"]
[Site "Gran Canaria"]
[Date "2015.04.26"]
[Round "7.1"]
[White "Perez Castellano, Yaiza"]
[Black "Perez Castellano, Susana"]
[Result "1-0"]
[WhiteElo "1638"]
[BlackElo "1839"]
[PlyCount "107"]
[EventDate "2015.04.24"]
[EventType "tourn"]
[EventRounds "7"]
[EventCountry "ESP"]
[SourceTitle "EXT 2024"]
[Source "ChessBase"]
[SourceDate "2023.10.10"]
[SourceVersion "1"]
[SourceVersionDate "2023.10.10"]
[SourceQuality "1"]

1. e4 e5 2. Nf3 Nc6 3. Bc4 Bc5 4. c3 Nf6 5. d3 0-0 6. Bb3 d6 7. 0-0 h6 8. Be3 Bb6 9. h3 Be6 10. Bc2 Qe7 11. d4 Rad8 12. d5 Bxd5 13. exd5 Nb8 14. Re1 Nbd7 15. c4 Rfe8 16. Bxb6 axb6 17. Nc3 c6 18. Ne4 Nxe4 19. Bxe4 Nc5 20. dxc6 Nxe4 21. c7 Qxc7 22. Rxe4 f5 23. Qd5+ Qf7 24. Qxf7+ Kxf7 25. Re2 Rc8 26. Rd1 Ke6 27. Nd4+ Kf6 28. Nb5 Red8 29. Rxd6+ Rxd6 30. Nxd6 Rc6 31. Nxb7 Rxc4 32. Nd6 Rc1+ 33. Kh2 e4 34. Nb5 Rc5 35. Nc3 b5 36. Rd2 b4 37. Nd5+ Ke5 38. Nxb4 f4 39. Nc2 g5 40. b4 Rc8 41. g4 Ra8 42. a3 h5 43. Rd7 hxg4 44. hxg4 Rh8+ 45. Kg2 Rh4 46. f3 exf3+ 47. Kxf3 Ke6 48. Rd1 Rh3+ 49. Ke4 Rg3 50. b5 Rxg4 51. b6 Rh4 52. a4 Rh2 53. b7 Rh8 54. a5 1-0

[Event "Gran Canaria Dominguez Memorial 2nd"]
[Site "Gran Canaria"]
[Date "2015.04.13"]
[Round "2"]
[White "Perez Castellano, Susana"]
[Black "Monteiro Rodrigues, Carlos"]
[Result "1-0"]
[WhiteElo "1839"]
[BlackElo "1470"]
[PlyCount "55"]
[EventDate "2015.04.09"]
[EventType "swiss"]
[EventRounds "7"]
[EventCountry "ESP"]
[SourceTitle "CBM 166 Extra"]
[Source "ChessBase"]
[SourceDate "2015.06.18"]
[SourceVersion "1"]
[SourceVersionDate "2015.06.18"]
[SourceQuality "1"]

1. e4 d5 2. exd5 c6 3. dxc6 Nxc6 4. Nf3 e5 5. Bb5 Nf6 6. Nxe5 Qd5 7. Bxc6+ bxc6 8. 0-0 Be6 9. d4 Rd8 10. Be3 Qxe5 11. dxe5 Rxd1 12. Rxd1 Nd5 13. Bxa7 Be7 14. Nc3 Nb4 15. Ne4 Bd5 16. Nd6+ Bxd6 17. exd6 Kd7 18. Bc5 Rb8 19. Bxb4 Rxb4 20. b3 Rg4 21. g3 h5 22. a4 Rb4 23. a5 Be6 24. a6 Rb8 25. a7 Ra8 26. c4 h4 27. c5 h3 28. Rd4 1-0

[Event "Las Palmas Insular-chT Pref"]
[Site "Las Palmas"]
[Date "2015.03.07"]
[Round "9.4"]
[White "Perez Castellano, Susana"]
[Black "Manchon Santana, Alberto"]
[Result "1/2-1/2"]
[WhiteElo "1839"]
[BlackElo "1841"]
[PlyCount "160"]
[EventDate "2014.11.22"]
[EventType "team-tourn"]
[EventRounds "14"]
[EventCountry "ESP"]
[SourceTitle "EXT 2016"]
[Source "ChessBase"]
[SourceDate "2015.10.08"]
[SourceVersion "1"]
[SourceVersionDate "2015.10.08"]
[SourceQuality "1"]
[WhiteTeam "Guia Univac"]
[BlackTeam "La Caja de Canarias"]
[WhiteTeamCountry "ESP"]
[BlackTeamCountry "ESP"]

1. e4 c5 2. Nf3 d6 3. Bb5+ Nd7 4. 0-0 Ngf6 5. Re1 g6 6. c3 a6 7. Bf1 b5 8. d4 e6 9. e5 dxe5 10. dxe5 Ng4 11. h3 Nh6 12. a4 Rb8 13. axb5 axb5 14. Nbd2 Bg7 15. Ne4 0-0 16. Bg5 Qc7 17. Be7 Nxe5 18. Bd6 Nxf3+ 19. Qxf3 Qb7 20. Bxf8 Bxf8 21. Red1 Be7 22. Nf6+ Kg7 23. Ne8+ Kf8 24. Qxb7 Bxb7 25. Nd6 Bc6 26. Ra6 Bd7 27. Ne4 Bc8 28. Ra7 Nf5 29. b4 c4 30. Nc5 Nd6 31. Nd7+ Bxd7 32. Rxd7 Ne4 33. Ra1 Nxc3 34. Raa7 Nd5 35. Rdb7 Rxb7 36. Rxb7 Nc3 37. g4 Bxb4 38. Bxc4 Bc5 39. Bxb5 Ne4 40. Rb8+ Kg7 41. Be8 Nxf2 42. Kg2 Ne4 43. Rc8 Nd6 44. Rxc5 Nxe8 45. g5 h6 46. h4 hxg5 47. hxg5 f6 48. Rc8 Nd6 49. Rc7+ Nf7 50. Re7 e5 51. gxf6+ Kxf6 52. Ra7 Ng5 53. Kf2 Kf5 54. Ke3 Ne4 55. Ra1 Ng3 56. Rg1 Nh5 57. Rf1+ Nf4 58. Ra1 g5 59. Ra8 Nd5+ 60. Kf3 g4+ 61. Kg3 Nf6 62. Rf8 e4 63. Kf2 Ke5 64. Rf7 Nd5 65. Kg3 e3 66. Rh7 Nf6 67. Rh4 e2 68. Rh1 Kf5 69. Kf2 Kf4 70. Kxe2 Ne4 71. Rf1+ Kg3 72. Ke3 Ng5 73. Rg1+ Kh3 74. Kf4 Ne6+ 75. Kf5 Nd4+ 76. Ke4 g3 77. Kxd4 Kh2 78. Ra1 g2 79. Ra2 Kh1 80. Rxg2 Kxg2 1/2-1/2

[Event "Tinamar (Women) 1st"]
[Site "Ayto"]
[Date "2014.09.13"]
[Round "7.1"]
[White "Rivero Pena, Gara del Pino"]
[Black "Perez Castellano, Susana"]
[Result "0-1"]
[WhiteElo "1357"]
[BlackElo "1842"]
[PlyCount "104"]
[EventDate "2014.08.31"]
[EventType "tourn"]
[EventRounds "7"]
[EventCountry "ESP"]
[SourceTitle "EXT 2024"]
[Source "ChessBase"]
[SourceDate "2023.10.10"]
[SourceVersion "1"]
[SourceVersionDate "2023.10.10"]
[SourceQuality "1"]

1. e4 b6 2. d4 Bb7 3. Nc3 e6 4. Nf3 Nf6 5. e5 Nd5 6. Nxd5 Bxd5 7. Be2 d6 8. 0-0 dxe5 9. Nxe5 Bd6 10. Nc4 0-0 11. c3 c5 12. Be3 cxd4 13. Bxd4 Nc6 14. Nxd6 Qxd6 15. Re1 Rad8 16. Bf1 Nxd4 17. Qxd4 Bb7 18. Qxd6 Rxd6 19. Rad1 Rfd8 20. Rxd6 Rxd6 21. b4 Kf8 22. g3 Rd2 23. a4 Ke7 24. Be2 Rc2 25. c4 Rb2 26. b5 Ra2 27. Bd1 Ra1 28. Kf1 Rc1 29. Bb3 Rc3 30. Re3 Rxe3 31. fxe3 Kd6 32. Ke2 Be4 33. Kd2 Kc5 34. Kc3 g5 35. Bd1 Bg6 36. Bf3 h5 37. Bc6 f5 38. Bg2 h4 39. Bh3 Bh5 40. Bg2 Be2 41. Bc6 Bxc4 42. Bd7 Bd5 43. Bc8 Kd6 44. Kd3 Ke5 45. Ke2 hxg3 46. hxg3 Bb3 47. Kd3 Bxa4 48. Bd7 a6 49. Kc4 Bxb5+ 50. Bxb5 axb5+ 51. Kxb5 Ke4 52. Kxb6 Kxe3 0-1

[Event "Tinamar (Women) 1st"]
[Site "Ayto"]
[Date "2014.09.06"]
[Round "3.1"]
[White "Sosa Suarez, Carla Cristina"]
[Black "Perez Castellano, Susana"]
[Result "0-1"]
[WhiteElo "1332"]
[BlackElo "1842"]
[PlyCount "110"]
[EventDate "2014.08.31"]
[EventType "tourn"]
[EventRounds "7"]
[EventCountry "ESP"]
[SourceTitle "EXT 2024"]
[Source "ChessBase"]
[SourceDate "2023.10.10"]
[SourceVersion "1"]
[SourceVersionDate "2023.10.10"]
[SourceQuality "1"]

1. d4 Nf6 2. Nf3 c5 3. c3 g6 4. g3 b6 5. Bg2 Bb7 6. 0-0 Bg7 7. Bg5 0-0 8. Nbd2 d6 9. Re1 h6 10. Bxf6 Bxf6 11. e4 Bg7 12. dxc5 dxc5 13. Qc2 Nd7 14. Rad1 Qc7 15. Nc4 b5 16. Ne3 e6 17. Rd2 Rfd8 18. Red1 c4 19. Nd4 a6 20. Re1 Nc5 21. Red1 Rd7 22. f3 Rad8 23. Ne2 Nd3 24. Nc1 Qc5 25. Re2 Nxc1 26. Rxc1 Rd3 27. Kf2 h5 28. f4 e5 29. Rce1 exf4 30. gxf4 Bh6 31. Kg3 h4+ 32. Kf2 Bxf4 33. Qc1 h3 34. Bf3 Qg5 35. Rg1 Qh4+ 36. Kf1 Rd1+ 37. Qxd1 Rxd1+ 38. Nxd1 Qd8 39. Re1 Qd3+ 40. Be2 Qxe4 41. Nf2 Qc2 42. Nxh3 Bxh2 43. Rg4 Qf5+ 44. Nf2 Bc7 45. Rd1 Bb6 46. Rdd4 Bxd4 47. Rxd4 Qg5 48. Rg4 Qc1+ 49. Nd1 Qh6 50. Nf2 Qc1+ 51. Nd1 Bc8 52. Rd4 Bf5 53. Rd8+ Kg7 54. Rd4 Bd3 55. Kf2 Qd2 0-1

[Event "Las Palmas Insular-chT Pref"]
[Site "Las Palmas"]
[Date "2012.11.10"]
[Round "1.2"]
[White "Trujillo Alvarado, Ivan"]
[Black "Perez Castellano, Susana"]
[Result "1-0"]
[WhiteElo "2149"]
[BlackElo "1862"]
[PlyCount "49"]
[EventDate "2012.11.10"]
[EventType "team-tourn"]
[EventRounds "14"]
[EventCountry "ESP"]
[SourceTitle "EXT 2014"]
[Source "ChessBase"]
[SourceDate "2013.11.20"]
[SourceVersion "1"]
[SourceVersionDate "2013.11.20"]
[SourceQuality "1"]
[WhiteTeam "Real Club Victoria"]
[BlackTeam "Grandama"]
[WhiteTeamCountry "ESP"]
[BlackTeamCountry "ESP"]

1. d4 Nf6 2. Nf3 c5 3. dxc5 e6 4. g3 Bxc5 5. Bg2 0-0 6. 0-0 Nc6 7. c4 b6 8. Nc3 Bb7 9. Bg5 Be7 10. Qd2 Na5 11. b3 d5 12. cxd5 Nxd5 13. Bxe7 Qxe7 14. Nxd5 Bxd5 15. Rfd1 Rfd8 16. Qf4 Rac8 17. Rac1 Qb7 18. e4 Bc6 19. Rxd8+ Rxd8 20. b4 Nc4 21. Rxc4 Rd1+ 22. Bf1 Rxf1+ 23. Kxf1 Bb5 24. Nd2 Qc8 25. Kg2 1-0

[Event "ESP-ch 77th"]
[Site "San Agustin"]
[Date "2012.10.06"]
[Round "8"]
[White "Sosa Iglesias, Rayco"]
[Black "Perez Castellano, Susana"]
[Result "1/2-1/2"]
[WhiteElo "1640"]
[BlackElo "1876"]
[PlyCount "173"]
[EventDate "2012.09.29"]
[EventType "swiss"]
[EventRounds "9"]
[EventCountry "ESP"]
[SourceTitle "EXT 2014"]
[Source "ChessBase"]
[SourceDate "2013.11.20"]
[SourceVersion "1"]
[SourceVersionDate "2013.11.20"]
[SourceQuality "1"]

1. d4 Nf6 2. c4 c5 3. d5 b5 4. cxb5 a6 5. bxa6 Bxa6 6. Nc3 d6 7. g3 g6 8. Bg2 Bg7 9. Nf3 0-0 10. 0-0 Nbd7 11. Re1 Qb6 12. Rb1 Ng4 13. Qc2 Nge5 14. b3 Rfb8 15. Bd2 Nxf3+ 16. Bxf3 Ne5 17. Bg2 Bc8 18. h3 Bf5 19. e4 Bc8 20. f4 Nd7 21. Kh2 Qa7 22. a4 Ba6 23. Bf1 Bxf1 24. Rxf1 Qa6 25. Nb5 Rc8 26. Bc3 Bxc3 27. Nxc3 c4 28. b4 Qa7 29. Qf2 Qb7 30. Rb2 Qa6 31. a5 Rcb8 32. Ra1 Qc8 33. Qd4 f6 34. b5 Kf7 35. Rb4 Qd8 36. Rxc4 Rxa5 37. Rxa5 Qxa5 38. Ra4 Qc7 39. Ra7 Qc8 40. Ra4 Nc5 41. Rc4 Qc7 42. e5 Qa5 43. exf6 exf6 44. Ne4 Qa2+ 45. Kh1 Qb1+ 46. Kh2 Qxe4 47. Qxe4 Nxe4 48. Rxe4 Rxb5 49. Rd4 f5 50. g4 Kf6 51. Kg3 h6 52. Kg2 Rb2+ 53. Kg3 g5 54. fxg5+ hxg5 55. gxf5 Kxf5 56. Rd1 Rb3+ 57. Kg2 Ke4 58. Rd2 Rc3 59. Rd1 Rc5 60. Kg3 Kf5 61. Rd3 Rc4 62. Rf3+ Kg6 63. Rd3 Re4 64. Kf3 Kf5 65. Kg3 Ke5 66. Rd2 Kf5 67. Rf2+ Kg6 68. Rd2 Kh5 69. Rd3 Re1 70. Rd4 Re3+ 71. Kg2 Rc3 72. Kh2 Rc1 73. Kg2 Re1 74. Kf2 Re5 75. Kg3 Re8 76. Kf2 Rc8 77. Kg2 Rc3 78. Kh2 Kg6 79. Kg2 Kf5 80. Kh2 Rf3 81. Kg2 Rf4 82. Rd1 Ke5 83. Kg3 Re4 84. Rd3 Rd4 85. Rxd4 Kxd4 86. Kg4 Kxd5 87. Kxg5 1/2-1/2

[Event "Las Palmas Montalvo Memorial 5th"]
[Site "Las Palmas"]
[Date "2012.04.07"]
[Round "8"]
[White "Perez Castellano, Susana"]
[Black "Lopez Pereyra, Antonio"]
[Result "0-1"]
[WhiteElo "1817"]
[BlackElo "2125"]
[PlyCount "70"]
[EventDate "2012.04.02"]
[EventType "swiss"]
[EventRounds "9"]
[EventCountry "ESP"]
[SourceTitle "CBM 147 Extra"]
[Source "ChessBase"]
[SourceDate "2012.04.24"]
[SourceVersion "1"]
[SourceVersionDate "2012.04.24"]
[SourceQuality "1"]

1. e4 c5 2. Nf3 Nc6 3. d4 cxd4 4. Nxd4 Nf6 5. Nc3 d6 6. Be2 e5 7. Nb3 Be7 8. Be3 0-0 9. 0-0 a5 10. a4 Nb4 11. Bf3 Be6 12. Qe2 Qc8 13. Rfd1 Bc4 14. Qd2 Rd8 15. Bb6 Rd7 16. Nxa5 Be6 17. Nb3 d5 18. exd5 Nbxd5 19. Nxd5 Nxd5 20. Bxd5 Bxd5 21. a5 Qc6 22. Rac1 Qg6 23. Qxd5 Rxd5 24. Rxd5 Rc8 25. c3 h5 26. Rxe5 Bd6 27. Rd5 Bf4 28. Rcd1 Qc2 29. Nc5 Rc6 30. Nxb7 Rg6 31. g3 h4 32. Rd8+ Kh7 33. R8d5 f5 34. R1d3 h3 35. Nc5 Be3 0-1

[Event "Las Palmas Montalvo Memorial 5th"]
[Site "Las Palmas"]
[Date "2012.04.06"]
[Round "7"]
[White "Falcon Diaz, Francisco Samuel"]
[Black "Perez Castellano, Susana"]
[Result "0-1"]
[WhiteElo "1600"]
[BlackElo "1817"]
[PlyCount "114"]
[EventDate "2012.04.02"]
[EventType "swiss"]
[EventRounds "9"]
[EventCountry "ESP"]
[SourceTitle "CBM 147 Extra"]
[Source "ChessBase"]
[SourceDate "2012.04.24"]
[SourceVersion "1"]
[SourceVersionDate "2012.04.24"]
[SourceQuality "1"]

1. e4 e5 2. Nf3 Nc6 3. Bb5 Nf6 4. d3 d6 5. h3 Be7 6. Bg5 h6 7. Be3 a6 8. Ba4 0-0 9. a3 b5 10. Bb3 d5 11. exd5 Nxd5 12. 0-0 Bf6 13. c3 Bb7 14. Bc5 Re8 15. Nbd2 Nf4 16. Ne4 Qxd3 17. Nfd2 Na5 18. Bc2 Qd7 19. Be3 Rad8 20. Nxf6+ gxf6 21. Bxf4 exf4 22. Nb3 Nxb3 23. Bxb3 Qf5 24. Qg4+ Qxg4 25. hxg4 c5 26. Bd1 Rd2 27. b4 Bd5 28. a4 Bc4 29. bxc5 Bxf1 30. Kxf1 Rc8 31. axb5 axb5 32. Rb1 Rxc5 33. Ke1 Rd3 34. Be2 Rdxc3 35. Bxb5 Rc1+ 36. Rxc1 Rxc1+ 37. Ke2 Rc3 38. Bd7 Kg7 39. Bf5 Kf8 40. Kd2 Ra3 41. Ke1 Ra2 42. Kf1 Ke7 43. f3 Kd6 44. Bh7 Ke5 45. Bg8 Kd4 46. Bxf7 Rb2 47. Kg1 Ke3 48. Bg6 Ra2 49. Bf7 Ra1+ 50. Kh2 Kf2 51. Bd5 Rg1 52. Be4 Rxg2+ 53. Kh3 Rg3+ 54. Kh4 Rxf3 55. Kh5 Rg3 56. Kh4 Rg1 57. Kh5 Ke3 0-1